MARC

LEADER 00000nam0a2200000 4500
001 84256
005 20231101213337.0
010 |a 5899391065 
035 |a (RuTPU)RU\TPU\book\90577 
090 |a 84256 
100 |a 20051027d2004 km y0rusy50 ca 
101 0 |a rus 
102 |a RU 
105 |a a z 000zy 
200 1 |a Знаешь ли ты свой характер?  |f И. С. Барчуков, Б. Ю. Хигир 
210 |a Москва  |c ИИП  |d 2004 
215 |a 188 с.  |c ил. 
606 1 |a Характер  |x Психология  |2 stltpush  |3 (RuTPU)RU\TPU\subj\17153  |9 42962 
610 1 |a психология 
610 1 |a личность 
610 1 |a характер 
610 1 |a судьба 
610 1 |a имена 
610 1 |a внешность 
610 1 |a лицо 
610 1 |a руки 
610 1 |a почерк 
610 1 |a походы 
686 |a Ю937.2  |v LBC/SL-A  |2 rubbk 
700 1 |a Барчуков  |b И. С.  |g Игорь Сергеевич 
701 1 |a Хигир  |b Б. Ю.  |g Борис Юзикович 
801 1 |a RU  |b 63413507  |c 20051027  |g PSBO 
801 2 |a RU  |b 63413507  |c 20150617  |g PSBO 
942 |c BK 
959 |a 84/20051019  |d 2  |e 92,51  |f АНЛ:1  |f НФ:1